توتا کہانی (Record no. 329234)
[ view plain ]
| 000 -LEADER | |
|---|---|
| fixed length control field | nam a22 7a 4500 |
| 003 - CONTROL NUMBER IDENTIFIER | |
| control field | Nust |
| 005 - DATE AND TIME OF LATEST TRANSACTION | |
| control field | 20170427161140.0 |
| 008 - FIXED-LENGTH DATA ELEMENTS--GENERAL INFORMATION | |
| fixed length control field | 170427b xxu||||| |||| 00| 0 eng d |
| 040 ## - CATALOGING SOURCE | |
| Transcribing agency | DLC |
| 082 ## - DEWEY DECIMAL CLASSIFICATION NUMBER | |
| Classification number | 891.4397 ASH |
| 100 ## - MAIN ENTRY--PERSONAL NAME | |
| Personal name | اشفاق احمد |
| 245 ## - TITLE STATEMENT | |
| Title | توتا کہانی |
| 260 ## - PUBLICATION, DISTRIBUTION, ETC. | |
| Place of publication, distribution, etc. | Lahore : |
| Name of publisher, distributor, etc. | Sang e meel Publisher, |
| 300 ## - PHYSICAL DESCRIPTION | |
| Extent | 496p. : |
| 942 ## - ADDED ENTRY ELEMENTS (KOHA) | |
| Source of classification or shelving scheme | |
| Koha item type | Book |
| Withdrawn status | Lost status | Source of classification or shelving scheme | Damaged status | Not for loan | Permanent Location | Current Location | Date acquired | Full call number | Barcode | Date last seen | Price effective from | Koha item type | Total Checkouts | Checked out | Date last checked out |
|---|---|---|---|---|---|---|---|---|---|---|---|---|---|---|---|
| Write Off | School of Civil and Environmental Engineering (SCEE) | School of Civil and Environmental Engineering (SCEE) | 04/27/2017 | 891.4397 ASH | NIT-7468 | 04/27/2017 | 04/27/2017 | Book | |||||||
| School of Civil and Environmental Engineering (SCEE) | School of Civil and Environmental Engineering (SCEE) | 04/27/2017 | 891.4397 ASH | NIT-12048 | 06/03/2024 | 04/27/2017 | Book | 4 | 07/03/2024 | 06/03/2024 |
